000 01840cam a2200457 a 4500
003 PE-LiUPU
005 20250731175621.0
008 050516s2016 sp r 000 0 spa d
020 _a8490647518
020 _a9788490647516
035 _a(Sirsi) i9788490647516
040 _aSPSFM
_bspa
_cSPSFM
_dPE-LiUPU
_erda
080 _a82.035
082 0 0 _a418.020285
_bO44
_223
100 1 _aOliver, Antoni,
_eautor.
245 1 0 _aHerramientas tecnológicas para traductores /
_cAntoni Oliver.
264 1 _aBarcelona :
_bUniversidad Abierta de Cataluña,
_c2016.
300 _a292 páginas :
_bilustraciones ;
_c24 centímetros
336 _atext
_2rdacontent
337 _aunmediated
_2rdamedia
338 _avolume
_2rdacarrier
490 1 _aManuales. Lingüística y traducción ;
_v423
505 _alLa traducción asistida por ordenador -- Las memorias de traducción -- Las bases de datos terminologicas -- La traducción automática -- Tratamiento de formatos.
526 _aP145
526 _aP127
526 _aP97
526 _aP35
526 _aP14
526 _aP07
541 _g001-003362;
650 4 _aNuevas tecnologías.
650 4 _aTraducción automática.
650 4 _aTraducción e interpretación.
_91337
650 4 _aTraductores.
910 _aebj
_bebj
_cjck
_d20170526
942 _2ddc
_cBOOK
949 _a418.020285 O44
_wDEWEY
_c1
_i75435
_lCATALOGING
_mBUL
_p53.13
_r0
_sY
_tBOOK
_u2017-05-26
_xEDUCACION
_PP20
_0COMPRA
_o.STAFF. Colección Ciencias Humanas y Educación
994 _aC0
_bPEPRU
596 _a1
999 _a418.020285 O44
_wDEWEY
_c20514
_i75435
_f2021-11-8
_g4
_lCCODEBUL1
_mBUL
_p53.13
_r0
_sY
_tBOOK
_u2017-5-26
_xEDUCACION
_PP20
_0COMPRA
_o.STAFF. Colección Ciencias Humanas y Educación
_d20514
980 _81
_gALBERTO SANCHEZ Responsable de Automatización